Normal view
MARC view
- Marshall, Alfred William. [from old catalog]
Entry Personal Name
001 - CONTROL NUMBER
- control field: 45069
003 - CONTROL NUMBER IDENTIFIER
- control field: NUST
005 - DATE AND TIME OF LATEST TRANSACTION
- control field: 20210314133139.0
008 - FIXED-LENGTH DATA ELEMENTS
- fixed length control field: 210314|| aca||aabn | a|a d
040 ## - CATALOGING SOURCE
- Original cataloging agency: NUST
- Transcribing agency: NUST
100 ## - HEADING--PERSONAL NAME
- Personal name: Marshall, Alfred William. [from old catalog]
670 ## - SOURCE DATA FOUND
- Source citation: Work cat.: (NUST): Marshall, Alfred William. [from old catalog], Micrometers, slide gauges and calipers, principles, construction, operation and use of appliances for fine mechanical measurements, , [1939]
